000 00464nam a2200145Ia 4500
008 220216s9999 xx 000 0 und d
100 _aSarkozi L
245 0 _aInvestigation of effects of constructional parameters on the mechanical behaviour of truck tires
260 _bProceedings of the International Rubber Conference, Kobe, Japan, 1995; p695-698
650 _aTruck tire
700 _aNandori F
700 _aNemeth T
700 _aSzabo T
942 _cJS
999 _c61620
_d61620